| 000 | 00394nam a22001577a 4500 | ||
|---|---|---|---|
| 003 | SGT | ||
| 020 | _a978-93-89-665-39-0 | ||
| 082 |
_a617.72 _bS21B |
||
| 100 | _aBHARDWAJ,ATUL | ||
| 245 | _aSHALAKYA TANTRA VIGYAN | ||
| 260 |
_aVARANASI _bCHAUKHAMBHA PUB _c2021 |
||
| 300 | _a758 | ||
| 650 | _aAYURVEDA | ||
| 653 | _aSHALAKYA, SHALAKYA VIGYAN , SHALAKYA TANTRA VIGYAN | ||
| 942 |
_2ddc _cBK _078 |
||
| 999 |
_c21621 _d21621 |
||